Questions par métiers - Statistiques

Statistiques générales
  • Ce quiz a été pris 260 fois
  • Le résultat moyen est 5 sur 12
Statistiques - réponses
Questions Réponses % Correct
Outils utilisé en maçonnerie commençant par la lettre M Marteau
70%
Je peux effectuer ma profession en hôpitaux, au sein de l'armée, en libéral... Infirmière
60%
Poste de pilotage d'un avion Cockpit
58%
Métier le plus pratiqué chez les hommes Chauffeur
51%
Expert du Bois Menuisier
50%
Tableur utilisé par les contrôleurs de gestion Excel
48%
Conducteur de train Cheminot
33%
Métier spécialisé dans la dégustation et le conseil de vins Sommelier
33%
Personne employée pour enflammer le public lors du tournage d'émissions de divertissement Chauffeur de salle
32%
Politique Européenne destinée aux agriculteurs PAC
19%
Métier le plus pratiqué chez les femmes Enseignante
5%
Extraire le venin de serpents Trayeur de serpent
0%
Aucun quiz correspondant
Distribution des résultats
% des personnes avec chaque résultat
Percentile par nombre de réponses
Votre historique - résultats
Vous n’avez pas pris ce quiz